'This and That' Movie Pictograms Quiz Stats

 Plays Quiz Updated Sep 8, 2015

Challenge
Share
Tweet
Score 0/15 Timer 07:00
0 Plays Today
% Correct
The Princess and the Frog
94.2%
Four Weddings and a Funeral
93.2%
3 Men and a Baby
89.9%
The Fox and the Hound
87.6%
Sex and the City
83.6%
Beauty and the Beast
80.6%
Charlie and the Chocolate Factory
79%
Coffee and Cigarettes
77.3%
% Correct
Guys and Dolls
66.3%
Music and Lyrics
56.8%
The Squid and the Whale
56.6%
Hit and Run
48.4%
Knight and Day
47.5%
An Officer and a Gentleman
31.1%
The Fast and the Furious
27.2%

You're not logged in!

Compare scores with friends on all Sporcle quizzes.
OR
Log In

You Might Also Like...

Show Comments

Extras

Top Quizzes Today


Score Distribution

Your Account Isn't Verified!

In order to create a playlist on Sporcle, you need to verify the email address you used during registration. Go to your Sporcle Settings to finish the process.

Report this User

Report this user for behavior that violates our Community Guidelines.

Details: